书目信息 |
| 题名: |
环境法案例辨析
|
|
| 作者: | 吕忠梅 主编 | |
| 分册: | ||
| 出版信息: | 北京 高等教育出版社 2006 |
|
| 页数: | 340页 | |
| 开本: | 23cm | |
| 丛书名: | ||
| 单 册: | ||
| 中图分类: | D922.685 | |
| 科图分类: | ||
| 主题词: | 法律--fa lu^--中国 , 环境保护法--huan jing bao hu fa--案例--分析--中国--高等学校--教材 | |
| 电子资源: | ||
| ISBN: | 7-04-018149-5 | |
| 000 | 01159nam0 2200325 450 | |
| 000 | 01327nam0 2200361 450 | |
| 000 | 01290nam0 2200349 450 | |
| 000 | 01215nam0 2200325 450 | |
| 000 | 01177nam0 2200313 450 | |
| 000 | 01140nam0 2200301 450 | |
| 001 | CAL 012006066203 | |
| 005 | 20061027151102.09 | |
| 010 | @a7-04-018149-5@dCNY27.70 | |
| 035 | @a003097320 | |
| 100 | @a20060104d2006 em y0chiy0110 ea | |
| 101 | 0 | @achi |
| 102 | @aCN@b110000 | |
| 105 | @ay z 000yy | |
| 200 | 1 | @a环境法案例辨析@Ahuan jing fa an li bian xi@f吕忠梅主编 |
| 210 | @a北京@c高等教育出版社@d2006 | |
| 215 | @a340页@d23cm | |
| 300 | @a全国高等学校法学专业课程案例教学用书 | |
| 330 | @a本书没有为了说明某个理论问题而进行“剪裁”, 而是保留了案件中各种错综复杂的社会关系及利益冲突, 从厘清法律事实与法律关系入手, 以案例设计的理论与实践问题为基础展开理性辨析。 | |
| 510 | 1 | @aEnvironment law casebook@zeng |
| 606 | 0 | @a法律@Afa lu^@y中国 |
| 606 | 0 | @a环境保护法@Ahuan jing bao hu fa@x案例@x分析@y中国@x高等学校@j教材 |
| 690 | @aD922.685@v4 | |
| 701 | 0 | @a吕忠梅@Alu^ zhong mei@c(女),@f1963-@4主编 |
| 801 | 0 | @aCN@c20061027 |
| 905 | @a10447@dD922.685@eL903 | |
| 环境法案例辨析/吕忠梅主编.-北京:高等教育出版社,2006 |
| 340页;23cm |
| 全国高等学校法学专业课程案例教学用书 |
| ISBN 7-04-018149-5:CNY27.70 |
| 本书没有为了说明某个理论问题而进行“剪裁”, 而是保留了案件中各种错综复杂的社会关系及利益冲突, 从厘清法律事实与法律关系入手, 以案例设计的理论与实践问题为基础展开理性辨析。 |
| ● |
| 相关链接 |
|
|
|
正题名:环境法案例辨析
索取号:D922.685/L903
 
预约/预借
| 序号 | 登录号 | 条形码 | 馆藏地/架位号 | 状态 | 备注 |
| 1 | 630830 | 206308306 | 社科库509/509社科库 90排7列1层/ [索取号:D922.685/L903] | 在馆 | |
| 2 | 630831 | 206308315 | 社科库509/509社科库 90排7列1层/ [索取号:D922.685/L903] | 在馆 | |
| 3 | 630832 | 206308324 | 社科库509/422社科库 39排2列5层/ [索取号:D922.685/L903] | 在馆 |